|
|
|
|
| LEADER |
05219nam a2200685 4500 |
| 001 |
ocn769188341 |
| 003 |
OCoLC |
| 005 |
20170124070524.9 |
| 006 |
m o d |
| 007 |
cr cn||||||||| |
| 008 |
110408s2012 enkadf ob 001 0 eng d |
| 040 |
|
|
|a E7B
|b eng
|e pn
|c E7B
|d CDX
|d N$T
|d OCLCQ
|d OCLCF
|d OCLCQ
|d OCLCO
|d YDXCP
|d DG1
|d NLGGC
|d IDEBK
|d OCLCO
|d OCLCQ
|d OCLCO
|d OCLCQ
|d DEBBG
|d AZK
|d LOA
|d OCLCO
|d OCLCA
|d GrThAP
|
| 019 |
|
|
|a 768243932
|a 778616787
|a 784124307
|a 961503279
|a 962592728
|
| 020 |
|
|
|a 9781444346862
|q (electronic bk.)
|
| 020 |
|
|
|a 1444346865
|q (electronic bk.)
|
| 020 |
|
|
|a 9781444346893
|q (electronic bk.)
|
| 020 |
|
|
|a 144434689X
|q (electronic bk.)
|
| 020 |
|
|
|z 9781405196499
|q (hardcover ;
|q alk. paper)
|
| 020 |
|
|
|z 1405196491
|q (hardcover ;
|q alk. paper)
|
| 029 |
1 |
|
|a DEBBG
|b BV042796112
|
| 029 |
1 |
|
|a DKDLA
|b 820120-katalog:000600048
|
| 029 |
1 |
|
|a NZ1
|b 14976083
|
| 029 |
1 |
|
|a NZ1
|b 15915305
|
| 029 |
1 |
|
|a DEBBG
|b BV043393896
|
| 035 |
|
|
|a (OCoLC)769188341
|z (OCoLC)768243932
|z (OCoLC)778616787
|z (OCoLC)784124307
|z (OCoLC)961503279
|z (OCoLC)962592728
|
| 037 |
|
|
|a 10.1002/9781444346893
|b Wiley InterScience
|n http://www3.interscience.wiley.com
|
| 050 |
|
4 |
|a RC280.P7
|b F63 2012eb
|
| 060 |
|
4 |
|a WJ 762
|
| 072 |
|
7 |
|a HEA
|x 039030
|2 bisacsh
|
| 072 |
|
7 |
|a MED
|x 062000
|2 bisacsh
|
| 072 |
|
7 |
|a MJCL
|2 bicssc
|
| 082 |
0 |
4 |
|a 616.99/463
|2 23
|
| 049 |
|
|
|a MAIN
|
| 245 |
0 |
0 |
|a Focal therapy in prostate cancer /
|c edited by Hashim U. Ahmed [and others].
|
| 264 |
|
1 |
|a Chichester, West Sussex, U.K. :
|b Wiley-Blackwell,
|c 2012.
|
| 300 |
|
|
|a 1 online resource (xi, 185 pages, [12] pages of plates) :
|b illustrations (some color)
|
| 336 |
|
|
|a text
|b txt
|2 rdacontent
|
| 337 |
|
|
|a computer
|b c
|2 rdamedia
|
| 338 |
|
|
|a online resource
|b cr
|2 rdacarrier
|
| 347 |
|
|
|a data file
|2 rda
|
| 380 |
|
|
|a Bibliography
|
| 504 |
|
|
|a Includes bibliographical references and index.
|
| 505 |
0 |
|
|a The rationale for focal therapy of prostate cancer / Cole Davis, Matthew Cooperberg, and Peter R. Carroll -- Factors that affect patients choice of treatment / Deb Feldman-Stewart and Michael D. Brundage -- Histological trends and the index lesion in localized prostate cancer / Vladimir Mouraviev, Thomas Wheeler and Thomas J. Polascik -- Selection criteria for prostate cancer focal therapy / Rajat K. Jain, Timothy K. Ito and Samir S. Taneja -- Localisation of cancer within the gland : biopsy strategies / Winston E. Barzell and Rodrigo Pinochet -- Localisation of cancer within the gland : ultrasound imaging / Ing. U. Scheipers -- Localization of cancer within the prostate : dynamic contrast-enhanced magnetic -- Resonance imaging / Philippe Puech, Anwar Padhani, Laurent Lemaitre, Nacim Betrouni, Pierre Colin and Arnauld Villers -- Localization of cancer within the gland : diffusion weighted magnetic resonance imaging of the prostate / Sophie F. Riches, Nina Tunariu and Nandita M. Desouza.
|
| 505 |
8 |
|
|a The future of molecular and biomolecular imaging in prostate cancer / Michael S. Gee and Mukesh G. Harisinghani -- Energies for focal ablation : cryoablation / John F. Ward -- Focal salvage cryoablation in recurrent prostate cancer / Katsuto Shinohara -- Energies for focal ablation : high intensity focused ultrasound / Hashim Uddin Ahmed and Mark Emberton -- Energies for focal ablation : photodynamic therapy / Caroline M. Moore, Nimalan Arumainayagam and Mark Emberton -- Focal therapy for prostate cancer using radiation / Irving Kaplan, Elizabeth Genega and Neil Rofsky -- Image registration and fusion for image-guided focal ablation / Dean Barratt and David Hawkes -- Determining success of focal therapy : biochemical and biopsy strategies / Al Barqawi, Paul Maroni, E. David Crawford -- Determining success of focal therapy : imaging / Alex Kirkham and Clare Allen -- Focal therapy in localised prostate cancer : future perspectives / Hashim Uddin Ahmed and Mark Emberton.
|
| 520 |
|
|
|a This book comprehensively reviews the potential of focal therapy and discusses why the changing face of prostate cancer warrants a change in the way we treat men with the disease. It deals with the mechanisms by which disease can be localized within the gland and then the different technologies used for focal ablation. Bringing together eminent contributors in one accessible reference, this book introduces focal therapy to all urologists, oncologists, and radiologists who are involved in the treatment of men with prostate cancer.
|
| 650 |
|
0 |
|a Prostate
|x Cancer
|x Surgery.
|
| 650 |
|
0 |
|a Cancer
|x Diagnosis.
|
| 650 |
|
2 |
|a Prostatic Neoplasms
|x surgery.
|
| 650 |
|
2 |
|a Ablation Techniques.
|
| 650 |
|
2 |
|a Neoplasm Staging.
|
| 650 |
|
7 |
|a HEALTH & FITNESS
|x Diseases
|x Cancer.
|2 bisacsh
|
| 650 |
|
7 |
|a MEDICAL
|x Oncology.
|2 bisacsh
|
| 650 |
|
7 |
|a Cancer
|x Diagnosis.
|2 fast
|0 (OCoLC)fst00845345
|
| 650 |
|
7 |
|a Prostate
|x Cancer
|x Surgery.
|2 fast
|0 (OCoLC)fst01079495
|
| 655 |
|
4 |
|a Electronic books.
|
| 655 |
|
7 |
|a Electronic books.
|2 local
|
| 700 |
1 |
|
|a Ahmed, Hashim Uddin.
|
| 776 |
0 |
8 |
|i Print version:
|t Focal therapy in prostate cancer.
|d Chichester, West Sussex, U.K. : Wiley-Blackwell, 2012
|w (DLC) 2011015318
|
| 856 |
4 |
0 |
|u https://doi.org/10.1002/9781444346893
|z Full Text via HEAL-Link
|
| 994 |
|
|
|a 92
|b DG1
|